01134nam a2200313 a 450000100060000000300080000600500170001400800410003102000320007203500190010404000230012304100080014608200220015410000310017624500820020725000120028926000310030130000390033250000660037150000220043750400430045965000240050270000290052670000350055570000660059094200120065699900170066895201350068568163BD-RjUL20211209081734.0170330s1984 nyua b 001 0 eng  a0471862843 :c$23.95 (est.) a(BD-RjUL)68373 aDLCcDLCdDLCbeng aeng00a150223bKIP 19841 aKimble, Gregory A.920205810aPrinciples of psychology /cGregory A. Kimble, Norman Garmezy, Edward Zigler. a6th ed. aNew York :bWiley,cc1984. axv, 661, [67] p. :bill. ;c28 cm. aRev. ed. of: Principles of general psychology. 5th ed. c1980. aIncludes indexes. aBibliography: p. [35]-[51] (3rd group) 0aPsychology.92020591 aGarmezy, Norman.92020601 aZigler, Edward,d1930-92020611 aKimble, Gregory A.tPrinciples of general psychology.9202062 2ddccBK c68163d68163 00102ddc40718NFICaRUCLbRUCLcReadingd1989-07-29eAsia Foundationl0o150 KIP 1984r2017-03-30 00:00:00tC-1w2017-03-30yBK